Obras

Uloženo v:
Podrobná bibliografie
Hlavní autor: Defoe, Daniel (Autor)
Médium: Kniha
Jazyk:španělština
Vydáno: Barcelona Planeta 1964
Edice:Clásicos Planeta, 10
Témata:
Tagy: Přidat tag
Žádné tagy, Buďte první, kdo vytvoří štítek k tomuto záznamu!

MARC

LEADER 00000nam a2200000 a 4500
001 UCT4211
003 CL-VaPUC
008 961108e19640000SP |||||||||||||||||spa|d
082 0 4 |a 823  |b DEF  |2 21 
100 |a Defoe, Daniel   |e author  |9 338739 
245 1 0 |a Obras 
246 1 0 |a Aventuras de Robinsón Crusoe 
246 1 0 |a Nuevas aventuras de Robinsón Crusoe 
246 1 0 |a Moll Flanders 
246 1 0 |a Diario del año de la peste 
300 |a 1280 p 
942 |c BK 
945 |d 19961108 00:00:00  |a rleighto 
260 |a Barcelona  |b Planeta  |c 1964 
650 0 |a Novelas inglesas  |9 265220 
583 |a last modification  |c 19961108 00:00:00  |k Rodrigo Vera 
490 0 |a Clásicos Planeta, 10 
999 |c 253622  |d 253620 
952 |0 0  |1 0  |4 0  |6 823_000000000000000_DEF_1964  |7 0  |8 A  |9 274577  |a BIBEDU  |b BIBEDU  |d 2019-11-19  |i 3248860  |o 823 DEF 1964  |p 3248860  |r 2019-11-19  |w 2019-11-19  |y BK  |k LIT